Loreto College Library, Kolkata
WEBOPAC (ONLINE PUBLIC ACCESS CATALOGUE)

Encyclopedia of Indian Natural History (Record no. 43369)

MARC details
000 -LEADER
fixed length control field 00870nam a2200229Ia 4500
005 - DATE AND TIME OF LATEST TRANSACTION
control field 20230731133318.0
008 - FIXED-LENGTH DATA ELEMENTS--GENERAL INFORMATION
fixed length control field 131103s9999 xx 000 0 und d
020 ## - ISBN | অাই এস বি এন
ISBN | অাই এস বি এন 019-561623-5
PRICE Rs. 1250
040 ## - CATALOGING SOURCE
Original cataloging agency Loreto College
041 ## - LANGUAGE CODE
Language code English
082 ## - DDC | ডিউই
Classification number | বর্গসংখ্যা 954
Book Number | গ্রন্থাঙ্ক HAW
245 ## - TITLE STATEMENT | অাখ্যা বিবরণী
Title | অাখ্যা Encyclopedia of Indian Natural History
Sub title | উপঅাখ্যা Centenary publication of the Bombay Natural History Society 1883-1983
Statement of responsibility | লেখকের দায়িত্বের বিবরণ General editor R.E. Hawkins. Illustration editors Doris Norden and for inset plates Bittu Sahgal.
260 ## - IMPRINT | প্রকাশনা ক্ষেত্র
Place of publication | প্রকাশ স্থান Delhi
Name of publisher | প্রকাশকের নাম Oxford University Press on behalf of the Bombay Natural History Society
Date of publication | প্রকাশ কাল 1986. Reprinted as paster edition 2001
300 ## - PHYSICAL DESCRIPTION |
Page / Vol. No | পৃষ্ঠা / খন্ড সংখ্যা 620p., illus. 27.5cm.
504 ## - BIBLIOGRAPHY, ETC. NOTE
Bibliography, etc Includes index and glossary
630 ## - SUBJECT ADDED ENTRY--UNIFORM TITLE
Uniform title Biology
650 ## - SUBJECT ADDED ENTRY--TOPICAL TERM | বিষয় শিরোনাম - মূল বিষয়
Topical term | মূল বিষয় Natural History-India
651 ## - SUBJECT ADDED ENTRY--GEOGRAPHIC NAME | বিষয় শিরোনাম - ভৌগলিক নাম
Geographic name | ভৌগলিক বিষয় Life Sciences
700 ## - ADDED ENTRY--PERSONAL NAME | অতিরিক্ত সংলেখ - ব্
Personal name | ব্যাক্তিনাম Hawkins, R.E.
Relator code | দায়িত্ব নির্দেশক ed.
850 ## - HOLDING INSTITUTION
Holding institution LCLIB
942 ## - ADDED ENTRY ELEMENTS (KOHA)
Koha item type Books
Holdings
Withdrawn status Lost status Source of classification Damaged status Not for loan Home library Current library Date acquired Total Checkouts Full call number Accession No. Date last seen Price effective from Koha item type Coded location qualifier
    Dewey Decimal Classification     Loreto College Loreto College 22/07/2023   954 HAW 29899 47495 22/07/2023 22/07/2023 Books